000 00421nam a2200169 a 4500
001 0000-9342
003 ELIB.Books
008 110520 1976
035 _a(ELIB.Books)0000-9494
082 _a268.1
_bAnd
100 _aAnderson, Andy
245 _aWhere Action Is
260 _bNashville: Broadman Press
_c1976
650 _aChristian Education
942 _2ddc
_cBK
998 _cbat
_e2011-05-20
999 _c9342
_d9342